Resumen de las tareas y actos del Colegio de Farmaceuticos de Madrid durante el decenio de 1871 a 1881 (Record no. 166530)

MARC details
000 -LEADER
campo de control de longitud fija 00847nam a22001695i 4500
001 - NÚMERO DE CONTROL
campo de control 166530
003 - IDENTIFICADOR DE NÚMERO DE CONTROL
campo de control ES-MaACL
005 - FECHA Y HORA DE LA ÚLTIMA TRANSACCIÓN
campo de control 20230906213342.0
008 - DATOS DE LONGITUD FIJA--INFORMACIÓN GENERAL
campo de control de longitud fija 990312s1880 sp |||| | spa d
040 ## - FUENTE DE CATALOGACIÓN
Centro catalogador/agencia de origen CCPB | B
Lengua de catalogación spa
Centro/agencia transcriptor CCPB | B
100 1# - ENTRADA PRINCIPAL--NOMBRE DE PERSONA
Nombre de persona Torres Valle, Ricardo.
9 (RLIN) 133331
245 10 - MENCIÓN DEL TÍTULO
Título Resumen de las tareas y actos del Colegio de Farmaceuticos de Madrid durante el decenio de 1871 a 1881
Resto del título : continuacion de la historia de dicho colegio leida en la sesion del aniversario 143 de su instalacion el dia 1º de Diciembre de 1880 /
Mención de responsabilidad, etc. por Ricardo Torres Valle.
260 ## - PUBLICACIÓN, DISTRIBUCIÓN, ETC.
Lugar de publicación, distribución, etc. Madrid :
Nombre del editor, distribuidor, etc. [s.n.],
Fecha de publicación, distribución, etc. 1880 (
Fabricante Imprenta de los Señores Garcia y Caravera)
300 ## - DESCRIPCIÓN FÍSICA
Extensión 42 p. ;
Dimensiones 23 cm.
610 24 - PUNTO DE ACCESO ADICIONAL DE MATERIA--NOMBRE DE ENTIDAD CORPORATIVA
Nombre de entidad corporativa o nombre de jurisdicción como elemento de entrada Colegio de Farmacéuticos de Madrid.
9 (RLIN) 134261
852 ## - LOCALIZACIÓN
Ubicación ES-MaACL
Número de control de estantería T-378-F-28
Nota libre -- Enc. hol., falto de la cub. original
-- -- Enc. en un vol. facticio
Holdings
Estatus retirado Estado de pérdida Estado de daño No para préstamo Colección Biblioteca de origen Biblioteca actual Ubicación en estantería Fecha de adquisición Total de préstamos Signatura topográfica completa Código de barras Visto por última vez Precio de reemplazo Tipo de ítem Koha
        Colección de folletos Biblioteca del Ateneo de Madrid Biblioteca del Ateneo de Madrid Depósito folletos 17/01/2008   T-378-F-28 1174660 23/02/2023 23/02/2023 Folleto